000
00233nam a22000857a 4500
008
161116b xxu||||| |||| 00| 0 eng d
100
_9
1248
_a
Wildmon.D.
245
_a
The Man the Network Love to Hate
260
_a
Bristol
_b
Valsity Books
_c
1989
999
_c
3951
_d
3951